Sports Quiz

Random Sports Quiz

New York Mets Left Fielders Quiz Stats

Quiz not verified by Sporcle

Challenge
Share
Tweet
Embed
Score 0/88 Timer 15:00
0 Plays Today
Mets tenure Left Fielder % Correct
1963, 65-75Cleon Jones
89.3%
1995-96Chris Jones
89.3%
1987-91, 94Kevin McReynolds
86.3%
1980-81, 85-89Mookie Wilson
85%
1977-80Steve Henderson
81.2%
1999-2000Rickey Henderson
81.2%
1982-86George Foster
80.3%
1985-87, 92Howard Johnson
78.2%
2003-06Cliff Floyd
77.8%
1998-2001Benny Agbayani
77.8%
1976, 81, 86-89Lee Mazzilli
77.8%
1975-77, 81Dave Kingman
75.2%
1986Kevin Mitchell
73.9%
1965-66, 68-70Ron Swoboda
73.5%
1996-98Bernard Gilkey
70.5%
1982-83Rusty Staub
69.2%
2007-08Moises Alou
68.8%
1975Jesus Alou
68.4%
1963, 66, 68-69, 71, 73-79Ed Kranepool
67.9%
1962-64Frank Thomas
66.7%
2000-03Timo Perez
66.7%
2006-08Endy Chavez
66.7%
1995, 99Bobby Bonilla
66.7%
2010Jason Bay
66.2%
2008-09Daniel Murphy
64.1%
1992-93Vince Coleman
62%
1967Tommy Davis
61.5%
1999, 2002Roger Cedeno
61.5%
1983-86Danny Heep
58.5%
2008-10Angel Pagan
58.5%
Mets tenure Left Fielder % Correct
1964Charley Smith
58.1%
1971-73, 75-77John Milner
57.7%
1977-79, 81-82Joel Youngblood
57.3%
1968-71Art Shamsky
56.4%
2000-04Joe McEwing
55.6%
1998Todd Hundley
54.3%
1995, 97Butch Huskey
53.8%
1963Duke Snider
53.4%
2005, 07-08Marlon Anderson
53%
2009-10Fernando Martinez
52.1%
1997-2000Matt Franco
51.7%
1962-66Jim Hickman
50%
2009Gary Sheffield
49.6%
2004-05Eric Valent
48.7%
2008-09Fernando Tatis
47.9%
2000-01Darryl Hamilton
46.6%
1990-92Daryl Boston
46.2%
1995Ryan Thompson
44.9%
2010Chris Carter
44.4%
2010Lucas Duda
43.2%
2006-07Lastings Milledge
42.7%
1993-95Joe Orsulak
42.3%
1987-91Mark Carreon
42.3%
2008-10Nick Evans
42.3%
1998Tony Phillips
41.9%
1971, 80-82Mike Jorgensen
41%
1962-65Joe Christopher
38%
1973-74George Theodore
38%
1975-77Mike Vail
35.9%
1992-93Chico Walker
33.3%
Mets tenure Left Fielder % Correct
1974, 76-79Bruce Boisclair
32.9%
2001, 03Tsuyoshi Shinjo
32.9%
2007Carlos Gomez
32.9%
1991-92Mackey Sasser
32.5%
2004Shane Spencer
32.1%
1970-71Ken Singleton
30.8%
2002-03Raul Gonzalez
28.2%
1992-93Dave Gallagher
28.2%
2005-06Chris Woodward
27.8%
1970-72Dave Marshall
27.4%
1980Claudell Washington
25.6%
2006-07Ricky Ledee
24.4%
2000Jason Tyner
24.4%
1964Hawk Taylor
23.9%
1992Kevin Bass
23.5%
1995Damon Buford
23.1%
2006Michael Tucker
23.1%
1994-95David Segui
22.6%
1974, 76Benny Ayala
22.6%
1978-80Dan Norman
22.2%
1966-67Al Luplow
21.8%
1964George Altman
21.4%
2009Cory Sullivan
19.7%
1965-66Danny Napoleon
19.2%
1962Gene Woodling
18.4%
1994Jim Lindeman
14.1%
1964, 66Larry Elliot
11.5%
1992D.J. Dozier
9.8%

You're not logged in!

Compare scores with friends on all Sporcle quizzes.
Sign Up with Email
OR
Log In

You Might Also Like...

Show Comments

Extras

Top Quizzes Today


Score Distribution

Your Account Isn't Verified!

In order to create a playlist on Sporcle, you need to verify the email address you used during registration. Go to your Sporcle Settings to finish the process.